| 000 | 01802nam a2200373 a 4500 | ||
|---|---|---|---|
| 001 | ebr10613483 | ||
| 003 | CaPaEBR | ||
| 006 | m u | ||
| 007 | cr cn||||||||| | ||
| 008 | 070904r20081989inua sb 001 0 eng d | ||
| 010 | _z 2007036321 | ||
| 020 | _z9780865977372 (hardcover : alk. paper) | ||
| 020 | _z0865977372 (hardcover : alk. paper) | ||
| 020 | _z9780865977013 (pbk. : alk. paper) | ||
| 020 | _z0865977011 (pbk. : alk. paper) | ||
| 020 | _z9781614878179 (e-book) | ||
| 040 |
_aCaPaEBR _cCaPaEBR |
||
| 035 | _a(OCoLC)820842943 | ||
| 050 | 1 | 4 |
_aHB846.5 _b.D4 2008eb |
| 082 | 0 | 4 |
_a320.1/1 _222 |
| 100 | 1 |
_aDe Jasay, Anthony, _d1925- |
|
| 245 | 1 | 0 |
_aSocial contract, free ride _h[electronic resource] : _ba study of the public-goods problem / _cAnthony de Jasay. |
| 260 |
_aIndianapolis, Ind. : _bLiberty Fund, _c[2008] |
||
| 300 |
_avii, 276 p. : _bill. |
||
| 500 | _aOriginally published: Oxford [England] : Clarendon Press ; New York : Oxford University Press, 1989. | ||
| 504 | _aIncludes bibliographical references (p. [261]-264) and index. | ||
| 505 | 0 | _aCommitment to co-operation -- Promise, performance, and enforcement -- State-of-nature co-ordination -- Social contract -- Social choice -- The foundations of voluntariness -- Constructive risk -- An ethics turnpike -- The unfairness of anarchy -- The return of the free rider. | |
| 533 |
_aElectronic reproduction. _bPalo Alto, Calif. : _cebrary, _d2011. _nAvailable via World Wide Web. _nAccess may be limited to ebrary affiliated libraries. |
||
| 650 | 0 | _aPublic goods. | |
| 650 | 0 | _aSocial contract. | |
| 655 | 7 |
_aElectronic books. _2local |
|
| 710 | 2 | _aebrary, Inc. | |
| 856 | 4 | 0 |
_uhttp://site.ebrary.com/lib/rucke/Doc?id=10613483 _zAn electronic book accessible through the World Wide Web; click to view |
| 999 |
_c205093 _d205093 |
||